[Event "Greek Team Championship"]
[Site "chess24.com"]
[Date "2017.07.04"]
[Round "3"]
[White "Kolomvas, Ioannis"]
[Black "Salakas, Fotios"]
[Result "0-1"]
[Board "4"]
[WhiteElo "1988"]
[WhiteCountry "GRE"]
[WhiteFideId "4219589"]
[WhiteEloChange "-18"]
[BlackElo "1596"]
[BlackCountry "GRE"]
[BlackFideId "4270185"]
[BlackEloChange "18"]

1. d4 {[%clk 1:30:49]} Nf6 {[%clk 1:30:50]} 2. Nf3 {[%clk 1:31:06]} e6 {[%clk
1:31:08]} 3. Bg5 {[%clk 1:31:22]} d5 {[%clk 1:30:50]} 4. e3 {[%clk 1:31:36]} Be7
{[%clk 1:30:59]} 5. Bd3 {[%clk 1:31:40]} O-O {[%clk 1:30:26]} 6. Nbd2 {[%clk
1:31:38]} h6 {[%clk 1:29:24]} 7. Bh4 {[%clk 1:31:52]} Nbd7 {[%clk 1:29:36]} 8.
O-O {[%clk 1:31:06]} c5 {[%clk 1:28:03]} 9. c3 {[%clk 1:31:28]} b6 {[%clk
1:25:09]} 10. Ne5 {[%clk 1:26:59]} Bb7 {[%clk 1:23:53]} 11. f4 {[%clk 1:27:19]}
Ne4 {[%clk 1:17:23]} 12. Bxe7 {[%clk 1:25:25]} Qxe7 {[%clk 1:17:52]} 13. Ndf3
{[%clk 1:14:55]} Ndf6 {[%clk 1:01:08]} 14. Qe1 {[%clk 1:08:16]} Nd6 {[%clk
0:56:40]} 15. g4 {[%clk 0:55:13]} Nfe4 {[%clk 0:47:23]} 16. h4 {[%clk 0:45:45]}
Rac8 {[%clk 0:36:49]} 17. Rc1 {[%clk 0:43:07]} Qe8 {[%clk 0:31:14]} 18. h5 {[%clk
0:39:07]} Qd8 {[%clk 0:24:56]} 19. Kh2 {[%clk 0:36:00]} f5 {[%clk 0:03:15]} 20.
Ng6 {[%clk 0:27:21]} fxg4 {[%clk 0:02:12]} 21. Nxf8 {[%clk 0:20:52]} gxf3 {[%clk
0:02:39]} 22. Ng6 {[%clk 0:20:47]} Nf5 {[%clk 0:00:52]} 23. Rxf3 {[%clk 0:20:06]}
Bc6 {[%clk 0:01:13]} 24. Rd1 {[%clk 0:10:56]} Be8 {[%clk 0:01:31]} 25. Bxe4
{[%clk 0:09:00]} dxe4 {[%clk 0:01:59]} 26. dxc5 {[%clk 0:08:32]} Qf6 {[%clk
0:00:38]} 27. Rh3 {[%clk 0:02:45]} Rxc5 {[%clk 0:01:06]} 28. Ne5 {[%clk 0:02:28]}
Kh7 {[%clk 0:00:46]} 29. Rd4 {[%clk 0:02:15]} Ne7 {[%clk 0:00:49]} 30. Rxe4
{[%clk 0:02:06]} Qf5 {[%clk 0:01:17]} 31. Qb1 {[%clk 0:01:52]} Bxh5 {[%clk
0:01:10]} 32. Qh1 {[%clk 0:00:46]} Be8 {[%clk 0:01:04]} 33. Rd4 {[%clk 0:01:02]}
Nc6 {[%clk 0:00:37]} 34. Nxc6 {[%clk 0:00:51]} Bxc6 {[%clk 0:01:06]} 35. Qd1
{[%clk 0:00:45]} e5 {[%clk 0:01:03]} 36. Qd3 {[%clk 0:00:40]} exd4 {[%clk
0:01:28]} 37. Qxd4 {[%clk 0:00:34]} Rd5 {[%clk 0:01:33]} 38. Qc4 {[%clk 0:00:48]}
Rd2+ {[%clk 0:01:54]} 0-1

[Event "Greek Team Championship"]
[Site "chess24.com"]
[Date "2017.07.04"]
[Round "3"]
[White "Tomara, Ioanna"]
[Black "Triantopoulou, Afroditi"]
[Result "0-1"]
[Board "6"]
[WhiteElo "1007"]
[WhiteCountry "GRE"]
[WhiteFideId "25834940"]
[WhiteEloChange "-7"]
[BlackElo "1113"]
[BlackCountry "GRE"]
[BlackFideId "4270290"]
[BlackEloChange "7"]

1. e4 {[%clk 1:30:57]} e5 {[%clk 1:30:57]} 2. Nf3 {[%clk 1:31:19]} Nc6 {[%clk
1:31:21]} 3. Nc3 {[%clk 1:31:37]} Nf6 {[%clk 1:31:25]} 4. Bc4 {[%clk 1:31:53]}
Nxe4 {[%clk 1:26:53]} 5. Nxe4 {[%clk 1:31:22]} d5 {[%clk 1:26:43]} 6. Bxd5 {[%clk
1:30:59]} Qxd5 {[%clk 1:26:16]} 7. Nc3 {[%clk 1:31:08]} Qd8 {[%clk 1:23:34]} 8.
O-O {[%clk 1:30:58]} Bg4 {[%clk 1:18:06]} 9. h3 {[%clk 1:30:37]} Bh5 {[%clk
1:18:01]} 10. d3 {[%clk 1:25:08]} Be7 {[%clk 1:10:26]} 11. Re1 {[%clk 1:23:00]}
O-O {[%clk 1:07:03]} 12. a3 {[%clk 1:21:15]} Re8 {[%clk 1:00:55]} 13. Be3 {[%clk
1:18:59]} Nd4 {[%clk 0:53:49]} 14. Bxd4 {[%clk 1:14:29]} exd4 {[%clk 0:53:28]}
15. Re5 {[%clk 1:12:49]} Bxf3 {[%clk 0:51:22]} 16. Qxf3 {[%clk 1:07:08]} dxc3
{[%clk 0:50:39]} 17. Rd5 {[%clk 1:05:01]} cxb2 {[%clk 0:44:46]} 18. Rb1 {[%clk
1:03:28]} Qc8 {[%clk 0:40:57]} 19. Rxb2 {[%clk 1:02:56]} Bxa3 {[%clk 0:37:07]}
20. Rb1 {[%clk 1:02:24]} Qe6 {[%clk 0:31:14]} 21. Rxb7 {[%clk 0:53:43]} Qe1+
{[%clk 0:26:24]} 22. Kh2 {[%clk 0:54:01]} Bd6+ {[%clk 0:19:00]} 23. Rxd6 {[%clk
0:54:08]} Qe5+ {[%clk 0:17:53]} 24. Qg3 {[%clk 0:51:55]} Qxg3+ {[%clk 0:17:53]}
25. Kxg3 {[%clk 0:51:11]} cxd6 {[%clk 0:16:07]} 26. Kh4 {[%clk 0:51:10]} a5
{[%clk 0:15:43]} 27. f4 {[%clk 0:50:59]} a4 {[%clk 0:15:53]} 28. Rb2 {[%clk
0:51:01]} a3 {[%clk 0:16:04]} 29. Ra2 {[%clk 0:51:24]} Reb8 {[%clk 0:16:05]} 30.
c4 {[%clk 0:50:33]} Rb2 {[%clk 0:15:54]} 31. Rxa3 {[%clk 0:50:47]} Rxa3 {[%clk
0:15:42]} 32. d4 {[%clk 0:48:50]} Rc3 {[%clk 0:15:38]} 33. c5 {[%clk 0:49:02]}
dxc5 {[%clk 0:15:52]} 34. dxc5 {[%clk 0:49:24]} Rxc5 {[%clk 0:16:14]} 35. g4
{[%clk 0:49:33]} f6 {[%clk 0:15:00]} 36. f5 {[%clk 0:49:39]} g5+ {[%clk 0:14:10]}
37. Kh5 {[%clk 0:47:50]} Rh2 {[%clk 0:11:42]} 38. h4 {[%clk 0:47:28]} Rxh4#
{[%clk 0:11:42]} 0-1

[Event "Greek Team Championship"]
[Site "chess24.com"]
[Date "2017.07.04"]
[Round "3"]
[White "Tagkalaki, Ioanna Lambrini"]
[Black "Nikolakopoulou, Eleni"]
[Result "0-1"]
[Board "7"]
[WhiteElo "1138"]
[WhiteCountry "GRE"]
[WhiteFideId "25852990"]
[WhiteEloChange "-12"]
[BlackElo "1065"]
[BlackCountry "GRE"]
[BlackFideId "25826620"]
[BlackEloChange "12"]

1. e4 {[%clk 1:30:56]} c5 {[%clk 1:30:53]} 2. Nc3 {[%clk 1:31:18]} d6 {[%clk
1:30:52]} 3. g3 {[%clk 1:29:59]} Nf6 {[%clk 1:30:32]} 4. d3 {[%clk 1:28:55]} g6
{[%clk 1:29:43]} 5. Bg2 {[%clk 1:28:35]} Bg7 {[%clk 1:29:18]} 6. f4 {[%clk
1:19:59]} e6 {[%clk 1:25:27]} 7. Nf3 {[%clk 1:16:16]} Nc6 {[%clk 1:24:50]} 8. Be3
{[%clk 1:15:05]} b6 {[%clk 1:23:43]} 9. e5 {[%clk 1:09:47]} Ng8 {[%clk 1:20:20]}
10. d4 {[%clk 1:03:51]} Bb7 {[%clk 1:16:24]} 11. exd6 {[%clk 0:55:34]} cxd4
{[%clk 1:15:52]} 12. Nxd4 {[%clk 0:53:31]} Rc8 {[%clk 1:10:59]} 13. Ncb5 {[%clk
0:48:09]} Qd7 {[%clk 1:07:41]} 14. Nc7+ {[%clk 0:41:16]} Kf8 {[%clk 1:07:02]} 15.
Ndb5 {[%clk 0:30:58]} Rb8 {[%clk 1:05:38]} 16. Nc3 {[%clk 0:29:33]} Nf6 {[%clk
1:01:18]} 17. Qd2 {[%clk 0:26:50]} Ne8 {[%clk 1:00:18]} 18. Nxe8 {[%clk 0:21:27]}
Rxe8 {[%clk 1:00:05]} 19. O-O-O {[%clk 0:21:28]} Bf6 {[%clk 0:56:43]} 20. Ne4
{[%clk 0:21:09]} Bg7 {[%clk 0:55:04]} 21. f5 {[%clk 0:20:31]} exf5 {[%clk
0:53:55]} 22. Bh6 {[%clk 0:20:02]} fxe4 {[%clk 0:51:21]} 23. Qc3 {[%clk 0:20:14]}
Bxh6+ {[%clk 0:50:36]} 24. Kb1 {[%clk 0:19:57]} Bg7 {[%clk 0:50:53]} 25. Qb3
{[%clk 0:19:40]} Nd4 {[%clk 0:44:39]} 26. Qc4 {[%clk 0:17:53]} Qxd6 {[%clk
0:39:35]} 27. c3 {[%clk 0:17:30]} Qc6 {[%clk 0:33:24]} 28. Qb4+ {[%clk 0:16:53]}
Qc5 {[%clk 0:30:31]} 29. Qa4 {[%clk 0:15:49]} Nc6 {[%clk 0:27:40]} 30. Bxe4
{[%clk 0:15:37]} b5 {[%clk 0:25:48]} 31. Qb3 {[%clk 0:15:40]} Rxe4 {[%clk
0:25:11]} 32. Rhf1 {[%clk 0:15:48]} Ne5 {[%clk 0:21:50]} 33. Rd7 {[%clk 0:13:24]}
Re1+ {[%clk 0:18:32]} 34. Rd1 {[%clk 0:13:35]} Rxd1+ {[%clk 0:17:37]} 35. Qxd1
{[%clk 0:13:39]} Bh6 {[%clk 0:17:21]} 36. Qd8+ {[%clk 0:13:11]} Kg7 {[%clk
0:17:31]} 37. Qf6+ {[%clk 0:13:21]} Kg8 {[%clk 0:17:36]} 38. Qd8+ {[%clk
0:13:29]} Qf8 {[%clk 0:16:17]} 39. Qc7 {[%clk 0:12:57]} Be4+ {[%clk 0:15:46]} 40.
Ka1 {[%clk 0:43:05]} f6 {[%clk 0:43:25]} 41. Rd1 {[%clk 0:42:05]} Qf7 {[%clk
0:41:47]} 42. Qc8+ {[%clk 0:41:44]} Kg7 {[%clk 0:41:57]} 43. Qc5 {[%clk 0:41:20]}
a6 {[%clk 0:39:01]} 44. h3 {[%clk 0:41:11]} Qc4 {[%clk 0:36:39]} 45. Qe7+ {[%clk
0:39:58]} Nf7 {[%clk 0:36:14]} 46. h4 {[%clk 0:38:17]} Qe2 {[%clk 0:34:04]} 47.
Rg1 {[%clk 0:36:49]} Qc2 {[%clk 0:33:06]} 48. a3 {[%clk 0:36:34]} Bc1 {[%clk
0:32:37]} 49. Rxc1 {[%clk 0:36:08]} Qxc1+ {[%clk 0:33:01]} 50. Ka2 {[%clk
0:36:31]} Bd5+ {[%clk 0:32:22]} 51. b3 {[%clk 0:36:02]} Qc2+ {[%clk 0:31:59]} 52.
Ka1 {[%clk 0:36:22]} Bxb3 {[%clk 0:32:16]} 0-1

[Event "Greek Team Championship"]
[Site "chess24.com"]
[Date "2017.07.04"]
[Round "3"]
[White "Dalianis, Georgios"]
[Black "Antonopoulos, Panagiotis"]
[Result "1-0"]
[Board "8"]
[WhiteElo "1592"]
[WhiteCountry "GRE"]
[WhiteFideId "4271394"]
[WhiteEloChange "4"]
[BlackElo "1335"]
[BlackCountry "GRE"]
[BlackFideId "4288980"]
[BlackEloChange "-4"]

1. e4 {[%clk 1:30:55]} e5 {[%clk 1:30:49]} 2. Nf3 {[%clk 1:30:55]} Nc6 {[%clk
1:30:50]} 3. Bc4 {[%clk 1:31:48]} Bc5 {[%clk 1:30:56]} 4. c3 {[%clk 1:31:22]} Nf6
{[%clk 1:30:32]} 5. d3 {[%clk 1:31:42]} O-O {[%clk 1:30:46]} 6. O-O {[%clk
1:31:34]} d6 {[%clk 1:24:49]} 7. Bb3 {[%clk 1:31:23]} h6 {[%clk 1:22:37]} 8. Nbd2
{[%clk 1:30:32]} Qe7 {[%clk 1:20:37]} 9. h3 {[%clk 1:29:04]} Be6 {[%clk 1:16:49]}
10. Ba4 {[%clk 1:24:51]} Qd7 {[%clk 1:07:57]} 11. d4 {[%clk 1:19:25]} Bb6 {[%clk
0:47:46]} 12. d5 {[%clk 1:18:32]} Nxd5 {[%clk 0:47:59]} 13. exd5 {[%clk 1:18:27]}
Bxd5 {[%clk 0:48:19]} 14. Qe2 {[%clk 1:17:14]} f5 {[%clk 0:39:25]} 15. Nc4 {[%clk
1:13:00]} Bxc4 {[%clk 0:36:09]} 16. Qxc4+ {[%clk 1:13:19]} Kh8 {[%clk 0:36:35]}
17. Be3 {[%clk 1:08:53]} f4 {[%clk 0:33:38]} 18. Bxb6 {[%clk 1:07:50]} axb6
{[%clk 0:33:51]} 19. Rad1 {[%clk 1:06:10]} Rf5 {[%clk 0:28:12]} 20. Qe4 {[%clk
1:01:57]} g5 {[%clk 0:25:31]} 21. Rfe1 {[%clk 0:58:30]} Rg8 {[%clk 0:24:08]} 22.
Bxc6 {[%clk 0:55:47]} bxc6 {[%clk 0:24:28]} 23. Nxe5 {[%clk 0:55:34]} Qh7 {[%clk
0:21:08]} 24. Ng4 {[%clk 0:54:30]} h5 {[%clk 0:17:19]} 25. Qd4+ {[%clk 0:53:41]}
Qg7 {[%clk 0:15:27]} 26. Nh6 {[%clk 0:53:21]} Qxd4 {[%clk 0:09:45]} 27. Rxd4
{[%clk 0:53:35]} Rff8 {[%clk 0:09:32]} 28. Nxg8 {[%clk 0:53:57]} Kxg8 {[%clk
0:09:54]} 29. Re6 {[%clk 0:53:45]} Kg7 {[%clk 0:08:20]} 30. Re7+ {[%clk 0:52:01]}
Rf7 {[%clk 0:08:26]} 31. Rxf7+ {[%clk 0:52:26]} Kxf7 {[%clk 0:08:50]} 32. Kf1
{[%clk 0:52:39]} b5 {[%clk 0:09:08]} 33. Ke2 {[%clk 0:52:38]} Kf6 {[%clk
0:09:23]} 34. h4 {[%clk 0:52:47]} Kf5 {[%clk 0:08:10]} 35. hxg5 {[%clk 0:53:06]}
Kxg5 {[%clk 0:08:27]} 36. Kf3 {[%clk 0:53:31]} 1-0

[Event "Greek Team Championship"]
[Site "chess24.com"]
[Date "2017.07.04"]
[Round "3"]
[White "Kormas, Georgios"]
[Black "Argyropoulos, Theodoros"]
[Result "0-1"]
[Board "9"]
[WhiteElo "1647"]
[WhiteCountry "GRE"]
[WhiteFideId "4289056"]
[WhiteEloChange "-11"]
[BlackElo "1629"]
[BlackCountry "GRE"]
[BlackFideId "4264851"]
[BlackEloChange "11"]

1. e4 {[%clk 1:30:58]} e5 {[%clk 1:30:34]} 2. Nf3 {[%clk 1:31:00]} Nc6 {[%clk
1:30:58]} 3. Bc4 {[%clk 1:31:22]} Bc5 {[%clk 1:31:18]} 4. O-O {[%clk 1:31:34]}
Nf6 {[%clk 1:31:36]} 5. d3 {[%clk 1:31:54]} h6 {[%clk 1:31:49]} 6. c3 {[%clk
1:32:02]} d6 {[%clk 1:31:25]} 7. Nbd2 {[%clk 1:32:12]} O-O {[%clk 1:30:58]} 8.
Bb3 {[%clk 1:32:01]} b5 {[%clk 1:25:59]} 9. a4 {[%clk 1:25:43]} b4 {[%clk
1:18:59]} 10. h3 {[%clk 1:17:30]} a5 {[%clk 1:12:14]} 11. Re1 {[%clk 1:14:25]}
Re8 {[%clk 1:05:40]} 12. Nc4 {[%clk 1:10:27]} Be6 {[%clk 1:02:45]} 13. d4 {[%clk
1:04:54]} Bxc4 {[%clk 1:01:12]} 14. Bxc4 {[%clk 1:04:27]} exd4 {[%clk 1:00:21]}
15. cxd4 {[%clk 1:04:38]} Bb6 {[%clk 0:59:38]} 16. Bb5 {[%clk 1:04:30]} Ne7
{[%clk 0:51:07]} 17. Bxe8 {[%clk 1:03:53]} Qxe8 {[%clk 0:51:23]} 18. e5 {[%clk
0:59:02]} dxe5 {[%clk 0:48:24]} 19. dxe5 {[%clk 0:56:58]} Rd8 {[%clk 0:40:32]}
20. Qc2 {[%clk 0:55:51]} Nfd5 {[%clk 0:35:40]} 21. Qe4 {[%clk 0:47:39]} Nc6
{[%clk 0:32:57]} 22. Qg4 {[%clk 0:43:54]} Qe6 {[%clk 0:29:55]} 23. Qe4 {[%clk
0:33:42]} Re8 {[%clk 0:14:54]} 24. Rd1 {[%clk 0:31:09]} Nf6 {[%clk 0:13:59]} 25.
Qh4 {[%clk 0:20:14]} Nxe5 {[%clk 0:13:20]} 26. Nxe5 {[%clk 0:19:55]} Qxe5 {[%clk
0:13:42]} 27. Bf4 {[%clk 0:14:57]} Qxb2 {[%clk 0:10:23]} 28. Rab1 {[%clk
0:15:07]} Qa2 {[%clk 0:09:46]} 29. Bxh6 {[%clk 0:12:58]} Ne4 {[%clk 0:08:22]} 30.
Be3 {[%clk 0:13:09]} Bxe3 {[%clk 0:05:53]} 31. fxe3 {[%clk 0:13:33]} Nc3 {[%clk
0:06:03]} 32. Ra1 {[%clk 0:13:38]} Qe6 {[%clk 0:05:02]} 33. Rd3 {[%clk 0:12:34]}
Qe5 {[%clk 0:03:20]} 34. Qe1 {[%clk 0:11:45]} c5 {[%clk 0:02:29]} 35. Rc1 {[%clk
0:11:05]} Nxa4 {[%clk 0:02:10]} 36. Ra1 {[%clk 0:09:28]} Nb2 {[%clk 0:02:20]} 37.
Rd2 {[%clk 0:08:49]} Nc4 {[%clk 0:02:21]} 38. Re2 {[%clk 0:06:23]} Rd8 {[%clk
0:01:21]} 39. Qc1 {[%clk 0:06:27]} Qe4 {[%clk 0:00:49]} 40. Rc2 {[%clk 0:36:23]}
Nxe3 {[%clk 0:30:45]} 41. Re2 {[%clk 0:33:31]} Qd4 {[%clk 0:21:45]} 42. Rxe3
{[%clk 0:18:10]} Re8 {[%clk 0:21:38]} 43. Kf2 {[%clk 0:15:49]} Rxe3 {[%clk
0:21:28]} 44. Qxe3 {[%clk 0:16:12]} Qxa1 {[%clk 0:21:51]} 45. Qxc5 {[%clk
0:16:03]} g6 {[%clk 0:14:48]} 46. Qb5 {[%clk 0:15:30]} Qb2+ {[%clk 0:14:09]} 47.
Kg3 {[%clk 0:14:25]} Qc3+ {[%clk 0:14:09]} 48. Kf4 {[%clk 0:14:40]} 0-1

[Event "Greek Team Championship"]
[Site "chess24.com"]
[Date "2017.07.05"]
[Round "4"]
[White "Mastrovasilis, Dimitrios"]
[Black "Van Wely, Loek"]
[Result "1/2-1/2"]
[Board "1"]
[WhiteElo "2580"]
[WhiteTitle "GM"]
[WhiteCountry "GRE"]
[WhiteFideId "4202694"]
[WhiteEloChange "1"]
[BlackElo "2674"]
[BlackTitle "GM"]
[BlackCountry "NED"]
[BlackFideId "1000268"]
[BlackEloChange "-1"]

1. e4 {[%clk 1:29:23]} c5 {[%clk 1:30:50]} 2. Nf3 {[%clk 1:29:43]} Nc6 {[%clk
1:31:04]} 3. d4 {[%clk 1:29:54]} cxd4 {[%clk 1:31:25]} 4. Nxd4 {[%clk 1:30:14]}
Nf6 {[%clk 1:31:45]} 5. Nc3 {[%clk 1:30:35]} e5 {[%clk 1:31:57]} 6. Ndb5 {[%clk
1:30:53]} d6 {[%clk 1:32:17]} 7. Bg5 {[%clk 1:30:56]} a6 {[%clk 1:32:37]} 8. Na3
{[%clk 1:31:18]} b5 {[%clk 1:32:55]} 9. Bxf6 {[%clk 1:31:10]} gxf6 {[%clk
1:33:18]} 10. Nd5 {[%clk 1:31:29]} f5 {[%clk 1:33:27]} 11. Bd3 {[%clk 1:31:36]}
Be6 {[%clk 1:33:40]} 12. O-O {[%clk 1:31:33]} Bxd5 {[%clk 1:33:37]} 13. exd5
{[%clk 1:31:54]} Ne7 {[%clk 1:33:49]} 14. Re1 {[%clk 1:31:01]} Bg7 {[%clk
1:33:31]} 15. c3 {[%clk 1:31:03]} O-O {[%clk 1:33:28]} 16. Qh5 {[%clk 1:30:53]}
e4 {[%clk 1:33:09]} 17. Bf1 {[%clk 1:31:03]} Re8 {[%clk 1:32:31]} 18. Rad1 {[%clk
1:30:38]} Qc8 {[%clk 1:32:15]} 19. Nc2 {[%clk 1:30:23]} Ng6 {[%clk 1:31:59]} 20.
Nb4 {[%clk 1:30:09]} Ne5 {[%clk 1:31:31]} 21. Nc2 {[%clk 1:29:39]} Ng6 {[%clk
1:30:23]} 22. Nb4 {[%clk 1:28:56]} Ne5 {[%clk 1:30:28]} 23. Nc2 {[%clk 1:29:10]}
Ng6 {[%clk 1:30:40]} 1/2-1/2

[Event "Greek Team Championship"]
[Site "chess24.com"]
[Date "2017.07.05"]
[Round "4"]
[White "Halkias, Stelios"]
[Black "Mastrovasilis, Athanasios"]
[Result "1/2-1/2"]
[Board "2"]
[WhiteElo "2580"]
[WhiteTitle "GM"]
[WhiteCountry "GRE"]
[WhiteFideId "4201809"]
[WhiteEloChange "-1"]
[BlackElo "2512"]
[BlackTitle "GM"]
[BlackCountry "GRE"]
[BlackFideId "4201990"]
[BlackEloChange "1"]

1. d4 {[%clk 1:29:21]} d5 {[%clk 1:28:20]} 2. c4 {[%clk 1:29:13]} dxc4 {[%clk
1:28:07]} 3. Nf3 {[%clk 1:27:45]} a6 {[%clk 1:27:11]} 4. e4 {[%clk 1:26:40]} b5
{[%clk 1:26:56]} 5. a4 {[%clk 1:26:43]} Bb7 {[%clk 1:26:31]} 6. axb5 {[%clk
1:27:02]} axb5 {[%clk 1:26:48]} 7. Rxa8 {[%clk 1:27:27]} Bxa8 {[%clk 1:27:13]} 8.
Nc3 {[%clk 1:27:35]} e6 {[%clk 1:26:13]} 9. Nxb5 {[%clk 1:20:05]} Bxe4 {[%clk
1:26:00]} 10. Bxc4 {[%clk 1:20:01]} Nf6 {[%clk 1:21:56]} 11. O-O {[%clk 1:19:42]}
c6 {[%clk 1:16:05]} 12. Nc3 {[%clk 1:19:51]} Bxf3 {[%clk 1:11:22]} 13. Qxf3
{[%clk 1:19:08]} Qxd4 {[%clk 1:10:38]} 14. Qf4 {[%clk 1:18:33]} Qxf4 {[%clk
1:07:23]} 15. Bxf4 {[%clk 1:18:54]} Nbd7 {[%clk 1:07:45]} 16. Ra1 {[%clk
1:18:12]} Nb6 {[%clk 1:03:19]} 17. Bb3 {[%clk 1:17:50]} Bc5 {[%clk 0:58:00]} 18.
Ra5 {[%clk 1:16:33]} Bd4 {[%clk 0:55:18]} 19. Ne2 {[%clk 1:13:56]} c5 {[%clk
0:49:50]} 20. Nxd4 {[%clk 1:11:30]} cxd4 {[%clk 0:50:07]} 21. Bd6 {[%clk
1:09:41]} Kd7 {[%clk 0:48:57]} 22. Bc5 {[%clk 1:09:45]} Kc6 {[%clk 0:46:20]} 23.
Bxd4 {[%clk 1:08:06]} Rd8 {[%clk 0:46:18]} 24. Bc3 {[%clk 1:07:49]} Ne4 {[%clk
0:42:25]} 25. Bxg7 {[%clk 1:05:44]} Nc5 {[%clk 0:40:26]} 26. Bc2 {[%clk 1:05:41]}
Rd2 {[%clk 0:40:04]} 27. b4 {[%clk 1:05:38]} Rxc2 {[%clk 0:39:31]} 28. Rxc5+
{[%clk 1:05:40]} Rxc5 {[%clk 0:39:56]} 29. bxc5 {[%clk 1:06:05]} Kxc5 {[%clk
0:40:10]} 30. Kf1 {[%clk 1:06:28]} Kd5 {[%clk 0:39:21]} 31. Ke2 {[%clk 1:06:44]}
1/2-1/2

[Event "Greek Team Championship"]
[Site "chess24.com"]
[Date "2017.07.05"]
[Round "4"]
[White "Georgiadis, Nico"]
[Black "Georgiadis, Ioannis"]
[Result "1-0"]
[Board "3"]
[WhiteElo "2495"]
[WhiteTitle "IM"]
[WhiteCountry "SUI"]
[WhiteFideId "1300113"]
[WhiteEloChange "5"]
[BlackElo "2485"]
[BlackTitle "IM"]
[BlackCountry "GRE"]
[BlackFideId "4208900"]
[BlackEloChange "-5"]

1. d4 {[%clk 1:30:30]} Nf6 {[%clk 1:30:52]} 2. c4 {[%clk 1:30:54]} e6 {[%clk
1:31:18]} 3. g3 {[%clk 1:31:16]} d5 {[%clk 1:31:36]} 4. Bg2 {[%clk 1:31:40]} dxc4
{[%clk 1:31:36]} 5. Nf3 {[%clk 1:32:00]} Bb4+ {[%clk 1:31:28]} 6. Bd2 {[%clk
1:32:14]} a5 {[%clk 1:31:37]} 7. Qc2 {[%clk 1:31:57]} Bxd2+ {[%clk 1:31:15]} 8.
Qxd2 {[%clk 1:31:37]} c6 {[%clk 1:30:59]} 9. a4 {[%clk 1:32:00]} Ne4 {[%clk
1:30:38]} 10. Qf4 {[%clk 1:31:14]} Nd6 {[%clk 1:30:39]} 11. Na3 {[%clk 1:31:05]}
Na6 {[%clk 1:29:31]} 12. O-O {[%clk 1:30:53]} O-O {[%clk 1:27:37]} 13. Ne5 {[%clk
1:30:03]} Nb4 {[%clk 1:25:46]} 14. Rfd1 {[%clk 1:30:24]} f6 {[%clk 1:21:49]} 15.
Nexc4 {[%clk 1:30:38]} Nxc4 {[%clk 1:21:19]} 16. Nxc4 {[%clk 1:31:00]} b6 {[%clk
1:21:38]} 17. Rac1 {[%clk 1:21:23]} Ba6 {[%clk 1:18:55]} 18. b3 {[%clk 1:21:15]}
Ra7 {[%clk 1:18:27]} 19. Rd2 {[%clk 1:09:33]} Rd7 {[%clk 1:07:20]} 20. Rcd1
{[%clk 0:59:41]} Re8 {[%clk 0:57:16]} 21. e4 {[%clk 0:58:32]} b5 {[%clk 0:38:40]}
22. Na3 {[%clk 0:49:47]} bxa4 {[%clk 0:36:57]} 23. bxa4 {[%clk 0:49:57]} Qb6
{[%clk 0:36:37]} 24. Qe3 {[%clk 0:44:36]} Kh8 {[%clk 0:25:38]} 25. Qc3 {[%clk
0:41:23]} h6 {[%clk 0:23:54]} 26. Nc4 {[%clk 0:40:16]} Qd8 {[%clk 0:22:58]} 27.
h4 {[%clk 0:39:18]} g5 {[%clk 0:10:25]} 28. h5 {[%clk 0:30:06]} Kg7 {[%clk
0:09:50]} 29. Ne3 {[%clk 0:27:55]} Qe7 {[%clk 0:08:55]} 30. d5 {[%clk 0:17:05]}
cxd5 {[%clk 0:05:17]} 31. exd5 {[%clk 0:17:30]} Rc8 {[%clk 0:02:51]} 32. Qb3
{[%clk 0:07:53]} Qe8 {[%clk 0:01:09]} 33. Bh3 {[%clk 0:07:28]} Nxd5 {[%clk
0:00:42]} 34. Nxd5 {[%clk 0:07:48]} Qxh5 {[%clk 0:00:33]} 35. Nxf6 {[%clk
0:06:14]} Qxh3 {[%clk 0:00:40]} 36. Nxd7 {[%clk 0:04:25]} 1-0